[Problémy otvárania slovenskej ekonomiky a jej postavenie v Európskom hospodárskom priestore]
Recenzia na monografiu, ktorá rieši problematiku voľného pohybu osôb v rámci Schengenského informačného systému, t.j. odstraňovania kontrol na vnútorných hraniciach medzi jednotlivými štátmi, ktorá je predmetom úpravy Schengenskej dohody.
Guardado en:
| Autor principal: | |
|---|---|
| Formato: | Capítulo de libro |
| Lenguaje: | eslovaco |
| Materias: | |
| Etiquetas: |
Sin Etiquetas, Sea el primero en etiquetar este registro!
|
MARC
| LEADER | 00000naa a2200000 4500 | ||
|---|---|---|---|
| 001 | 0191978 | ||
| 005 | 20240502073224.8 | ||
| 041 | 0 | |a slo | |
| 044 | |a SK | ||
| 245 | 1 | 0 | |a [Problémy otvárania slovenskej ekonomiky a jej postavenie v Európskom hospodárskom priestore] |c Viera Ružeková |
| 520 | |a Recenzia na monografiu, ktorá rieši problematiku voľného pohybu osôb v rámci Schengenského informačného systému, t.j. odstraňovania kontrol na vnútorných hraniciach medzi jednotlivými štátmi, ktorá je predmetom úpravy Schengenskej dohody. | ||
| 610 | 2 | 0 | |a recenzie |
| 610 | 2 | 0 | |a Slovensko |
| 610 | 2 | 0 | |a migrácia |
| 610 | 2 | 0 | |a Európsky ekonomický priestor |
| 100 | 1 | |a Ružeková, Viera, 1957- | |